000 00524nam a2200181 a 4500
005 20230615063550.0
008 041025s2002 mx r 000 0 spa d
020 _a9706920803
035 _aUPN01000135971
049 _aCG
050 4 _aLB1032
_bV4.3
100 1 _aVerdugo Lucero, Julio César
245 1 0 _aElaboración de técnicas de manejo grupal /
_cJulio César Verdugo Lucero.
260 _aColima :
_bUniversidad de Colima,
_cc2002.
300 _a87 p.
650 4 _aDinámica de grupos
_96712
905 _aLibro
999 _c108122
_d108122